• 首页
  • 本馆介绍
  • 公告通知
  • 最新文献
  • 馆藏检索
  • 电子资源
  • 读者导购
  • 参考咨询
  • 我的图书馆
  • 登录
  • 详细信息显示
  • 放入我的书架
  • 预约/预借图书
  • 作者相关作品
  • 分类相关作品
  • 丛书相关作品
  • 出版社相关作品

书目信息

  • 表格格式
  • 工作单格式
  • 卡片格式
题名:
河北省文献资源手册
    
 
作者: 刘寿霖 , 吴国岩 编
分册:  
出版信息: 石家庄   河北科学技术出版社  1991.07
页数: 247页
开本: 21cm
丛书名:
单 册:
中图分类: G259.272.2
科图分类:
主题词: 图书馆事业--中国--河北
电子资源:
ISBN: 7-5375-0700-7
000 00623nam0 2200205 45
001 0504141755
005 20050415083628.0
010    @a7-5375-0700-7@dCNY4.20
100    @a20050414d1991 km y0chiy0120 ea
101 0  @achi
105    @a z 000yy
200 1  @a河北省文献资源手册@AHe Bei Sheng Wen Xian Zi Yuan Shou Ce@f刘寿霖,吴国岩编@FLiu Shou Lin,Wu Guo Yan Bian
210    @a石家庄@c河北科学技术出版社@d1991.07
215    @a247页@d21cm
606 0  @a图书馆事业@x中国@x河北
690    @aG259.272.2@v3
701  0 @a刘寿霖@4编
701  0 @a吴国岩@4编
801    @aCN@bPftUser@c20050414
905    @f1@b224756@dG259.272.2@e8
    
    河北省文献资源手册/刘寿霖,吴国岩编.-石家庄:河北科学技术出版社,1991.07
    247页;21cm
    
    
    ISBN 7-5375-0700-7:CNY4.20
    
●
相关链接 在E读中查询图书 在五车中查询图书 在当当中查询图书 在豆瓣中查询图书


正题名:河北省文献资源手册     索取号:G259.272.2/8         预约/预借

序号 登录号 条形码 馆藏地/架位号 状态 备注
1 0224756   001997147   密集书库/ [索取号:G259.272.2/8] 在馆    
2 0224757   000990538   密集书库/ [索取号:G259.272.2/8] 在馆    
3 0224758   000990609   密集书库/ [索取号:G259.272.2/8] 在馆    
4 0224759   000984322   密集书库/ [索取号:G259.272.2/8] 在馆    
5 0224760   000984251   第一样本阅览室/ [索取号:G259.272.2/8] 在馆    
唐山师范学院图书馆 欢迎您!
大连网信软件有限公司© 版权所有